| 000 | 00000nam##2200000za#4500 |
| 001 | 9.522473 |
| 003 | CaOODSP |
| 005 | 20200327030051 |
| 007 | ta |
| 008 | 150406|1992||||xxc||||| f|0| 0 fre|d |
| 022 | |a0706-6457 |
| 040 | |aCaOODSP|bfre |
| 041 | |aeng |
| 041 | |afre |
| 043 | |an-cn--- |
| 086 | 1 |aFs97-6/1890 |
| 110 | 1 |aCanada. |bMinistère des pêches et des océans. |
| 245 | 10|aLes stades juvéniles: le chaînon manquant en recherche sur les pêches : |bReport of a workshop, October 1-3, 1991, Bedford Institute of Oceanography, Dartmouth, Nova Scotia / |cpar Y. de Lafontaine et al. |
| 260 | |aOttawa - Ontario : |bPêches et Océans Canada |c1992. |
| 300 | |a139p. : |bfigures, graphiques, références, tableaux ; |c28 cm. |
| 490 | 1 |aRapport technique canadien des sciences halieutiques et aquatiques|x0706-6457|v1890 |
| 500 | |aPréparé à l'Institut Maurice-Lamontagne, Ministère des Pêches et des Océans, C.P. 1000, 850, route de la Mer, Mont-Joli (Québec) G5H 3Z4. |
| 546 | |aTitre et texte de présentation bilingues, articles dans la langue de l'auteur. (Abstracts in English |
| 563 | |aCouverture souple |
| 691 | 07|aPêcheries|2gcpds |
| 720 | 1 |aDe Lafontaine, Y. |
| 776 | 0#|tJuvenile stages: the missing link in fisheries research : |w(CaOODSP)9.589907 |
| 791 | |tJuvenile stages: the missing link in fisheries research : |eeng|w(CaOODSP)9.522472 |
| 830 | #0|aRapport technique canadien des sciences halieutiques et aquatiques,|x0706-6457|v1890|w(CaOODSP)9.514690 |